• 首页
  • 本馆介绍
  • 公告通知
  • 最新文献
  • 馆藏检索
  • 电子资源
  • 读者导购
  • 参考咨询
  • 我的图书馆
  • 登录
  • 详细信息显示
  • 放入我的书架
  • 预约/预借图书
  • 作者相关作品
  • 分类相关作品
  • 丛书相关作品
  • 出版社相关作品

书目信息

  • 表格格式
  • 工作单格式
  • 卡片格式
题名:
哲学:走向本体澄明之境
    
 
作者: 何中华 著
分册:  
出版信息: 济南   山东人民出版社  2002
页数: 270页
开本: 21cm
丛书名: 学者文存
单 册:
中图分类: B014
科图分类:
主题词: 哲学理论 , 哲学理论--研究 , 哲学基本问题
电子资源:
ISBN: 7-209-02945-1
000 00969oam2 2200289 450
001 1238539109
005 20121003104350.23
010    @a7-209-02945-1@dCNY20.00
100    @a20021005d2002 emky0chiy0110 ea
101 0  @achi
102    @aCN@b370000
105    @ay z 000yy
106    @ar
200 1  @a哲学:走向本体澄明之境@Azhe xue : zou xiang ben ti cheng ming zhi jing@f何中华著
210    @a济南@c山东人民出版社@d2002
215    @a270页@d21cm
225 2  @a学者文存
314    @a何中华(1962~),山东莒南人,山东大学哲学与社会发展学院教授,著有《历史之谜》等 。
330    @a本书内容包括生存悖论与哲学、哲学与“三一式”、原始文化与哲学、哲学与社会、哲学的表征与解读、哲学的时代性与民族性等。
461  0 @12001 @a学者文存
606 0  @a哲学理论
606 0  @a哲学理论@x研究
606 0  @a哲学基本问题
690    @aB014@v4
701  0 @a何中华@f(1962~)@Ahe zhong hua@4著
801  0 @aCN@bNLC@c20020516
905    @a10447@dB014@eJY126
    
    哲学:走向本体澄明之境/何中华著 .-济南:山东人民出版社,2002
    270页;21cm .-(学者文存 )
    
    
    ISBN 7-209-02945-1:CNY20.00
    本书内容包括生存悖论与哲学、哲学与“三一式”、原始文化与哲学、哲学与社会、哲学的表征与解读、哲学的时代性与民族性等。
●
相关链接 在E读中查询图书 在五车中查询图书 在当当中查询图书 在豆瓣中查询图书


正题名:哲学:走向本体澄明之境     索取号:B014/JY126         预约/预借

序号 登录号 条形码 馆藏地/架位号 状态 备注
1 7809733   278097337   学院路分馆/ [索取号:B014/JY126] 在馆    
2 7809734   278097346   学院路分馆/ [索取号:B014/JY126] 在馆    
3 7809735   278097355   学院路分馆/ [索取号:B014/JY126] 在馆    
唐山师范学院图书馆 欢迎您!
大连网信软件有限公司© 版权所有